000 00479 a2200145 4500
001 ART_6829
005 20260410161827.0
008 260409a
245 1 0 _aPerfíl de la cadena productiva ostrícola de la provincia de Buenos Aires
100 1 _aPagani, Andrea Noemí
700 1 _aGualdoni, Patricia Alejandra
700 1 _aBertolotti, María Isabel
700 1 _aErrazti, Elizabeth
773 0 _tFACES
_g- Año 17, Nº 36/37 (ene./dic. 2011)
_wREV5046
999 _c22842
_d22842